<?xml version='1.0' encoding='UTF-8'?>
  <record xmlns="http://www.loc.gov/MARC21/slim">
    <leader>00000cam a2200000   4500</leader>
    <controlfield tag="001">ocm03461416</controlfield>
    <controlfield tag="003">OCoLC</controlfield>
    <controlfield tag="005">20240210061653.1</controlfield>
    <controlfield tag="008">771202s1553    be a          000 0 dut d</controlfield>
    <datafield tag="040" ind1=" " ind2=" ">
      <subfield code="a">JHE</subfield>
      <subfield code="b">eng</subfield>
      <subfield code="c">JHE</subfield>
      <subfield code="d">OCL</subfield>
      <subfield code="d">OCLCQ</subfield>
      <subfield code="d">OCLCG</subfield>
      <subfield code="d">OCLCQ</subfield>
      <subfield code="d">OCLCF</subfield>
      <subfield code="d">OCLCQ</subfield>
      <subfield code="d">OCLCO</subfield>
      <subfield code="d">OCLCQ</subfield>
      <subfield code="d">OCLCL</subfield>
    </datafield>
    <datafield tag="029" ind1="1" ind2=" ">
      <subfield code="a">NLGGC</subfield>
      <subfield code="b">781510775</subfield>
    </datafield>
    <datafield tag="035" ind1=" " ind2=" ">
      <subfield code="a">(OCoLC)3461416</subfield>
    </datafield>
    <datafield tag="041" ind1="1" ind2=" ">
      <subfield code="a">dut</subfield>
      <subfield code="h">ita</subfield>
    </datafield>
    <datafield tag="050" ind1=" " ind2="4">
      <subfield code="a">NA2517</subfield>
      <subfield code="b">.S5514</subfield>
    </datafield>
    <datafield tag="100" ind1="1" ind2=" ">
      <subfield code="a">Serlio, Sebastiano,</subfield>
      <subfield code="d">1475-1554.</subfield>
      <subfield code="1">https://id.oclc.org/worldcat/entity/E39PBJycVjjwvCYKdG3jfDHjYP</subfield>
    </datafield>
    <datafield tag="245" ind1="1" ind2="4">
      <subfield code="a">Den eersten [-tweeden] boeck van architecturen Sebastiani Serlii ...</subfield>
      <subfield code="c">Ouergesedt wten Jtaliaenische in nederlandts duer Peeter Cocke.</subfield>
    </datafield>
    <datafield tag="260" ind1=" " ind2=" ">
      <subfield code="a">Antuerpen,</subfield>
      <subfield code="b">Gedruct ende nu eerst wt laten gaen duer Mayken verhulst weduwe des seluen Peeters voers,</subfield>
      <subfield code="c">1553.</subfield>
    </datafield>
    <datafield tag="300" ind1=" " ind2=" ">
      <subfield code="a">2 volumes in 1.</subfield>
      <subfield code="b">illustrations</subfield>
      <subfield code="c">34 cm</subfield>
    </datafield>
    <datafield tag="336" ind1=" " ind2=" ">
      <subfield code="a">text</subfield>
      <subfield code="b">txt</subfield>
      <subfield code="2">rdacontent</subfield>
    </datafield>
    <datafield tag="337" ind1=" " ind2=" ">
      <subfield code="a">unmediated</subfield>
      <subfield code="b">n</subfield>
      <subfield code="2">rdamedia</subfield>
    </datafield>
    <datafield tag="338" ind1=" " ind2=" ">
      <subfield code="a">volume</subfield>
      <subfield code="b">nc</subfield>
      <subfield code="2">rdacarrier</subfield>
    </datafield>
    <datafield tag="500" ind1=" " ind2=" ">
      <subfield code="a">The first Flemish edition of Serlio's Book I-II.</subfield>
    </datafield>
    <datafield tag="500" ind1=" " ind2=" ">
      <subfield code="a">The woodcuts, many in reverse, were copied from the undated Venice edition (1551?)--and were in turn used in the Amsterdam 1606, Basel 1608, and London 1611 editions.</subfield>
    </datafield>
    <datafield tag="650" ind1=" " ind2="0">
      <subfield code="a">Architecture</subfield>
      <subfield code="v">Early works to 1800.</subfield>
    </datafield>
    <datafield tag="650" ind1=" " ind2="7">
      <subfield code="a">Architecture.</subfield>
      <subfield code="2">fast</subfield>
      <subfield code="0">(OCoLC)fst00813346</subfield>
    </datafield>
    <datafield tag="655" ind1=" " ind2="7">
      <subfield code="a">Early works.</subfield>
      <subfield code="2">fast</subfield>
      <subfield code="0">(OCoLC)fst01411636</subfield>
    </datafield>
    <datafield tag="700" ind1="1" ind2=" ">
      <subfield code="a">Coecke van Aelst, Pieter,</subfield>
      <subfield code="d">1502-1550,</subfield>
      <subfield code="e">translator.</subfield>
      <subfield code="1">https://id.oclc.org/worldcat/entity/E39PBJcr9c83q7jkk9GQ4DHjYP</subfield>
    </datafield>
    <datafield tag="758" ind1=" " ind2=" ">
      <subfield code="i">has work:</subfield>
      <subfield code="a">Den eersten[-tweeden] boeck van architecturen Sebastiani Serlii (Text)</subfield>
      <subfield code="1">https://id.oclc.org/worldcat/entity/E39PCGpvKkmf7Qh3Gt76cF6QxC</subfield>
      <subfield code="4">https://id.oclc.org/worldcat/ontology/hasWork</subfield>
    </datafield>
  </record>